Представление документа в формате MARC21

ПолеНазваниеЗначение
  Тип записи a
  Библиографический уровень m
001 Контрольный номер RU\infra-m\znanium\bibl\2235720
005 Дата корректировки 20260429142211.2
008 Кодируемые данные 251205s2025 RU g rus u
020 Индекс ISBN __
a ISBN 978-5-16-015991-1
020 Индекс ISBN __
a ISBN 978-5-16-108371-0 (электр. издание)
040 Источник каталогиз. __
a Служба первич. каталог. Общество с ограниченной ответственностью «ЗНАНИУМ»
041 Код языка издания __
a Код языка текста rus
044 Код страны публикации __
a Код страны публикации RU
080 Индекс УДК __
a Индекс УДК [619+616-022](075.4)
084 Индекс другой классификации/Индекс ББК __
2 Источник индекса rubbk
a Индекс другой классификации/Индекс ББК 48.73
084 Индекс другой классификации/Индекс ББК __
2 Источник индекса okso
a Индекс другой классификации/Индекс ББК 36.03.02
084 Индекс другой классификации/Индекс ББК __
2 Источник индекса okso
a Индекс другой классификации/Индекс ББК 36.04.01
084 Индекс другой классификации/Индекс ББК __
2 Источник индекса okso
a Индекс другой классификации/Индекс ББК 36.04.02
084 Индекс другой классификации/Индекс ББК __
2 Источник индекса okso
a Индекс другой классификации/Индекс ББК 36.05.01
084 Индекс другой классификации/Индекс ББК __
2 Источник индекса okso
a Индекс другой классификации/Индекс ББК 36.06.01
100 Автор __
a Автор Юров К. П.
q Полное имя Юров Константин Павлович
u Дополнение Всероссийский научно-исследовательский институт экспериментальной ветеринарии им. К.И. Скрябина
245 Заглавие __
a Заглавие Актуальные паразитарные и инфекционные болезни лошадей
b Продолж. заглавия Монография
c Ответственность Всероссийский научно-исследовательский институт экспериментальной ветеринарии им. К.И. Скрябина; Всероссийский научно-исследовательский институт экспериментальной ветеринарии им. К.И. Скрябина
250 Сведения об издании __
a Основные сведения об издании 1
260 Выходные данные __
a Место издания Москва
b Издательство ООО "Научно-издательский центр ИНФРА-М"
c Дата издания 2026
300 Физическое описание __
a Объем 286 с.
440 Серия __
a Серия Научная мысль
520 Аннотация __
a Аннотация Рассматриваются основные заразные заболевания однокопытных вызываемые гельминтами клещами насекомыми простейшими бактериями и вирусами. Освещены вопросы этиологии биологических особенностей и устойчивостей возбудителей распространения и клинического проявления болезней. Уделяется внимание современным методам диагностики лечения и профилактики заразных болезней лошадей. Часть 1 написана профессором П.И. Христиановским В.В. Белименко А.М. Гулюкиным А.И. Лаишевцевым и Е.В. Новосад; часть 2 — профессором К.П. Юровым и С.В. Алексеенковой. Предназначена для студентов обучающихся по специальности «Ветеринария» практических ветеринарных врачей и широкого круга любителей лошадей.
521 Примеч. о цел. назн. __
a Примеч. о целев. назн. Дополнительное профессиональное образование
650 Тематические рубрики __
a Основная рубрика Сельское хозяйство
x Основная подрубрика Ветеринария
655 Указ. предметных рубрик (устаревшее) __
a Жанр/ форма (устаревшее) Монография
700 Другие авторы __
a Другие авторы Христиановский П. И.
q Полное имя Христиановский Павел Игоревич
u Дополнение Оренбургский государственный аграрный университет
700 Другие авторы __
a Другие авторы Белименко В.В.
q Полное имя Белименко Владислав Валерьевич
u Дополнение Всероссийский научно-исследовательский институт экспериментальной ветеринарии им. К.И. Скрябина
856 Электронный адрес документа 4_
a Имя сервера/домена znanium.ru
m Помощь ebs_support@infra-m.ru
n Местонахождение сервера НИЦ ИНФРА-М
u URL https://znanium.ru/catalog/document?id=474022
856 Электронный адрес документа 48
a Имя сервера/домена znanium.ru
d Путь /cover/2235
f Электронное имя 2235720.jpg
q Тип электронного формата image/jpeg
u URL https://znanium.ru/cover/2235/2235720.jpg
911 __
u 0030=https://znanium.ru/catalog/document?id=474022
911 __
u 712a=Всероссийский научно-исследовательский институт экспериментальной ветеринарии им. К.И. Скрябина